000 00816nam a22001817a 4500
999 _c59158
_d59158
003 Ge_BSU
005 20221201115952.0
008 221201s1980ge xxu||||| |||| 00| 0 geo d
041 _ageo
080 _a821.353.1-31 გ-44
100 _aგვაზავა-სანაძე, ლამარა, ავტ.
_916274
245 _aჟამი წამებისა, ჟამი უკვდავებისა :
_b[რომანი] /
_cლამარა გვაზავა-სანაძე, რედ. ო. გვინჩიძე
264 _aთბილისი :
_bსაბჭ. საქართველო,
_c1980.
300 _a263 გვ. ;
_b21 სმ.
653 _aრომანი
700 _aგვინჩიძე,ო
_eრედაქტორი
_916275
942 _2udc
_cBK